<?xml version="1.0" encoding="UTF-8"?>
<record
    xmlns:xsi="http://www.w3.org/2001/XMLSchema-instance"
    xsi:schemaLocation="http://www.loc.gov/MARC21/slim http://www.loc.gov/standards/marcxml/schema/MARC21slim.xsd"
    xmlns="http://www.loc.gov/MARC21/slim">

  <leader>01140na  a2200301   4500</leader>
  <controlfield tag="001">24258</controlfield>
  <controlfield tag="003">MIRAKIL</controlfield>
  <controlfield tag="005">20181213155333.0</controlfield>
  <controlfield tag="008">180903b        tu            000 0      </controlfield>
  <datafield tag="020" ind1=" " ind2=" ">
    <subfield code="a">9789751626004</subfield>
  </datafield>
  <datafield tag="040" ind1=" " ind2=" ">
    <subfield code="a">Milas</subfield>
    <subfield code="b">tur</subfield>
    <subfield code="c">TR-AnCHP</subfield>
  </datafield>
  <datafield tag="041" ind1=" " ind2=" ">
    <subfield code="a">tur</subfield>
  </datafield>
  <datafield tag="082" ind1=" " ind2=" ">
    <subfield code="a">956.212015</subfield>
    <subfield code="b">K97b 2013</subfield>
  </datafield>
  <datafield tag="090" ind1=" " ind2=" ">
    <subfield code="a">956.212015 K97b 2013</subfield>
  </datafield>
  <datafield tag="100" ind1=" " ind2=" ">
    <subfield code="a">K&#xFC;t&#xFC;ko&#x11F;lu, M&#xFC;bahat S.</subfield>
  </datafield>
  <datafield tag="245" ind1=" " ind2=" ">
    <subfield code="a">Balta Liman&#x131;na giden yol</subfield>
    <subfield code="b">Osmanl&#x131;-&#x130;ngiliz iktisadi m&#xFC;nasebetleri 1580-1850</subfield>
    <subfield code="c">M&#xFC;bahat S. K&#xFC;t&#xFC;ko&#x11F;lu</subfield>
  </datafield>
  <datafield tag="246" ind1=" " ind2=" ">
    <subfield code="a">Osmanl&#x131;-&#x130;ngiliz iktisadi m&#xFC;nasebetleri 1580-1850</subfield>
  </datafield>
  <datafield tag="260" ind1=" " ind2=" ">
    <subfield code="a">Ankara</subfield>
    <subfield code="b">T&#xFC;rk Tarih Kurumu</subfield>
    <subfield code="c">2013</subfield>
  </datafield>
  <datafield tag="300" ind1=" " ind2=" ">
    <subfield code="a">xvii, 377 s.</subfield>
    <subfield code="b">hrt. , grf. ,tbl.</subfield>
    <subfield code="c">24 sm.</subfield>
  </datafield>
  <datafield tag="440" ind1=" " ind2=" ">
    <subfield code="a">AKDTYK T&#xFC;rk Tarih Kurumu yay&#x131;nlar&#x131;</subfield>
    <subfield code="v">IV/A-2-2.1. dizi- sa. 4</subfield>
  </datafield>
  <datafield tag="504" ind1=" " ind2=" ">
    <subfield code="a">Kaynak&#xE7;a ve dizin var.</subfield>
  </datafield>
  <datafield tag="650" ind1=" " ind2=" ">
    <subfield code="a">Osmanl&#x131; &#x130;mparatorlu&#x11F;u</subfield>
    <subfield code="x">Ekonomik ili&#x15F;kiler</subfield>
    <subfield code="z">&#x130;ngiltere</subfield>
  </datafield>
  <datafield tag="650" ind1=" " ind2=" ">
    <subfield code="a">&#x130;ngiltere</subfield>
    <subfield code="x">Ticaret</subfield>
    <subfield code="z">Osmanl&#x131; &#x130;mparatorlu&#x11F;u</subfield>
  </datafield>
  <datafield tag="650" ind1=" " ind2=" ">
    <subfield code="a">Osmanl&#x131; &#x130;mparatorlu&#x11F;u</subfield>
    <subfield code="x">Ticaret</subfield>
    <subfield code="z">&#x130;ngiltere</subfield>
  </datafield>
  <datafield tag="650" ind1=" " ind2=" ">
    <subfield code="a">Osmanl&#x131; &#x130;mparatorlu&#x11F;u</subfield>
    <subfield code="x">Ekonomi</subfield>
    <subfield code="y">Tarih</subfield>
  </datafield>
  <datafield tag="740" ind1=" " ind2=" ">
    <subfield code="a">Osmanl&#x131;-&#x130;ngiliz iktisadi m&#xFC;nasebetleri 1580-1850</subfield>
  </datafield>
  <datafield tag="942" ind1=" " ind2=" ">
    <subfield code="2">ddc</subfield>
    <subfield code="c">BKS</subfield>
  </datafield>
  <datafield tag="952" ind1=" " ind2=" ">
    <subfield code="a">0001</subfield>
    <subfield code="b">0001</subfield>
    <subfield code="d">2018-09-03</subfield>
    <subfield code="e">2</subfield>
    <subfield code="l">0</subfield>
    <subfield code="o">956.212015 K97b 2013</subfield>
    <subfield code="p">018350</subfield>
    <subfield code="r">2018-09-03 00:00:00</subfield>
    <subfield code="v">0.00</subfield>
    <subfield code="w">2018-09-03</subfield>
    <subfield code="y">BKS</subfield>
  </datafield>
  <datafield tag="999" ind1=" " ind2=" ">
    <subfield code="c">10774</subfield>
    <subfield code="d">10774</subfield>
  </datafield>
</record>
